Sarajevo - Culture générale - Statistiques

Statistiques générales
  • Ce quiz a été pris 426 fois
  • Le résultat moyen est 9 sur 15
Statistiques - réponses
Information Réponse % Correct
Pays moderne dont Sarajevo est la capitale Bosnie-Herzégovine
96%
Pays de 1945 à 1992 Yougoslavie
96%
Empire qui a fondé la ville en 1461 Empire ottoman
86%
Religion toutefois majoritaire Islam
85%
Archiduc assassiné le 28 juin 1914, menant à la première guerre mondiale François-Ferdinand
84%
Événement tenu à Sarajevo à l'hiver 1984 Jeux Olympiques
81%
Empire contrôlant la ville de 1878-1918 Autriche-Hongrie
77%
Transport dont les premières lignes d'Europe furent construites ici Tram
70%
Ce que la ville a vécu pendant près de 4 ans (!) durant la guerre de 1992 à 1995 Siège
58%
Assassin du précédant Gavrilo Princip
30%
Accords qui mettent fin à ceci Accords de {Dayton}
24%
Film d'Emir Kusturica, palme d'or 1985, réalisé à Sarajevo {Papa} est en voyage d'affaires
22%
Nom de ville donné à Sarajevo pour sa mixité religieuse, architecturale et démographique {Jérusalem} de l'Europe
20%
L'un des deux clubs de football rivaux FK Sarajevo / FK Željezničar
13%
Rouleaux de viande accompagnés de pain vendus dans les Fast Food ici Ćevapi
11%
Aucun quiz correspondant
Distribution des résultats
% des personnes avec chaque résultat
Percentile par nombre de réponses
Votre historique - résultats
Vous n’avez pas pris ce quiz